000 00554nam a22001817a 4500
005 20240111070341.0
008 231101b |||||||| |||| 00| 0 eng d
020 _a409045160
041 _aEnglish
082 _a346.7 NAT
100 _aNathan, CJM
_lEnglish
245 _aA Handbook on the Compulsory Motor Vehicle Insurance Act 1972 /
_cCJM Nathan
250 _aFirst Edition
260 _aDurban :
_bButterworths,
_c1973
300 _bxvi, 170 pages ;
_c23 cm.
650 _aLegal practice
_bLaw
942 _cBK
_6ALISON_BN_VRIES
999 _c205
_d205